Comparing media systems beyond the Western world / (Record no. 2801)

000 -LEADER
fixed length control field 02480cam a2200385 a 4500
001 - CONTROL NUMBER
control field 16754906
003 - CONTROL NUMBER IDENTIFIER
control field OSt
005 - DATE AND TIME OF LATEST TRANSACTION
control field 20180117085949.0
008 - FIXED-LENGTH DATA ELEMENTS--GENERAL INFORMATION
fixed length control field 110428s2012 enka b 001 0 eng
010 ## - LIBRARY OF CONGRESS CONTROL NUMBER
LC control number 2011018391
020 ## - INTERNATIONAL STANDARD BOOK NUMBER
International Standard Book Number 9781107013650 (hardback)
020 ## - INTERNATIONAL STANDARD BOOK NUMBER
International Standard Book Number 9781107699540 (paperback)
040 ## - CATALOGING SOURCE
Original cataloging agency DLC
Transcribing agency DLC
Modifying agency DLC
042 ## - AUTHENTICATION CODE
Authentication code pcc
043 ## - GEOGRAPHIC AREA CODE
Geographic area code d------
050 00 - LIBRARY OF CONGRESS CALL NUMBER
Classification number P95.82.D45
Item number C85 2012
082 00 - DEWEY DECIMAL CLASSIFICATION NUMBER
Classification number 302.2309172/4
Edition number 23
084 ## - OTHER CLASSIFICATION NUMBER
Classification number POL000000
Number source bisacsh
245 00 - TITLE STATEMENT
Title Comparing media systems beyond the Western world /
Statement of responsibility, etc. edited by Daniel C. Hallin, Paolo Mancini.
260 ## - PUBLICATION, DISTRIBUTION, ETC.
Place of publication, distribution, etc. Cambridge ;
-- New York :
Name of publisher, distributor, etc. Cambridge University Press,
Date of publication, distribution, etc. 2012.
300 ## - PHYSICAL DESCRIPTION
Extent ix, 344 p. :
Other physical details ill. ;
Dimensions 23 cm.
490 0# - SERIES STATEMENT
Series statement Communication, society and politics
504 ## - BIBLIOGRAPHY, ETC. NOTE
Bibliography, etc. note Includes bibliographical references and index.
520 ## - SUMMARY, ETC.
Summary, etc. "Comparing Media Systems Beyond the Western World offers a broad exploration of the conceptual foundations for comparative analysis of media and politics globally. It takes as its point of departure the widely used framework of Daniel C. Hallin and Paolo Mancini's Comparing Media Systems, exploring how the concepts and methods of their analysis do and do not prove useful when applied beyond the original focus of their "most similar systems" design and the West European and North American cases it encompassed. It is intended both to use a wider range of cases to interrogate and clarify the conceptual framework of Comparing Media Systems and to proposed new nidels, concepts, and with processes of political transition. Comparing Media Systems Beyond the Western World covers, among other cases, Brazil, China, Isreal, Lebanon, Poland, Russia, Saudi Arabia, South Africa, and Thailand"--
650 #0 - SUBJECT ADDED ENTRY--TOPICAL TERM
Topical term or geographic name entry element Mass media
General subdivision Political aspects
Geographic subdivision Developing countries.
650 #0 - SUBJECT ADDED ENTRY--TOPICAL TERM
Topical term or geographic name entry element Mass media
General subdivision Political aspects
Geographic subdivision Developing countries
Form subdivision Case studies.
650 #0 - SUBJECT ADDED ENTRY--TOPICAL TERM
Topical term or geographic name entry element Mass media
General subdivision Social aspects
Geographic subdivision Developing countries
Form subdivision Case studies.
650 #0 - SUBJECT ADDED ENTRY--TOPICAL TERM
Topical term or geographic name entry element Mass media policy
Geographic subdivision Developing countries
Form subdivision Case studies.
700 1# - ADDED ENTRY--PERSONAL NAME
Personal name Hallin, Daniel C.
700 1# - ADDED ENTRY--PERSONAL NAME
Personal name Mancini, Paolo.
906 ## - LOCAL DATA ELEMENT F, LDF (RLIN)
a 7
b cbc
c orignew
d 1
e ecip
f 20
g y-gencatlg
942 ## - ADDED ENTRY ELEMENTS (KOHA)
Source of classification or shelving scheme
Koha item type Book
Holdings
Withdrawn status Lost status Source of classification or shelving scheme Damaged status Not for loan Collection code Permanent Location Current Location Shelving location Date acquired Total Checkouts Full call number Barcode Date last seen Price effective from Koha item type
            Central Library (CL) Central Library (CL) General Stacks 03/18/2016   302.2309172/4 COM S3H-S-580 05/16/2018 03/18/2016 Book
© 2023 Central Library, National University of Sciences and Technology. All Rights Reserved.